000
00298nam a2200121Ia 4500
008
220204s9999 xx 000 0 und d
082
_a
523.2
_b
SHK
100
_a
Sagan, Carl
245
0
_a
Intelligent life in the universe
260
_a
London
_b
Pan
_c
1977
700
_a
Shklovskii, I S
942
_c
BK
999
_c
34935
_d
34935